000 00283nam a22001337a 4500
008 170214b xxu||||| |||| 00| 0 eng d
020 _a9
041 _aeng
080 _261
_a61
100 _a4
101 _ashm
245 _aCLINICAL PRACTICE IMPROVEMENT
_cHORN.D
942 _2udc
_cBK
999 _c5356
_d5356